000 00801nam a2200229Ia 4500
020 _a476220501X (Japan)
020 _a3540173420 (Germany)
020 _a0387173420 (U.S.)
040 _cWAU
082 _a581 SPR 1987 A059 Or.
245 0 0 _aMolecular determinants of plant diseases /
260 _aTokyo :
_bJapan Scientific Societies Press ;
_aBerlin ;
_aNew York :
_bSpringer-Verlag,
_cc1987
300 _axiv, 293 p. :
_bill. ;
_c24 cm
500 _a"This volume is based on the fifth U.S.-Japan cooperative science seminar dealing with physiological plant pathology"--Pref
650 0 _aPlant diseases
650 0 _aHost-parasite relationships
650 0 _aPlant physiology
700 1 0 _aNishimura, Syoyo
700 1 0 _aVance, Carroll Phillip,
700 1 0 _aDoke, Noriyuki
942 _cEK
999 _c14135
_d14135